Rush Lyrics - Statistics

General Stats
  • This quiz has been taken 28 times
  • The average score is 8 of 20
Answer Stats
Song Lyrics Answer % Correct
Freewill You can choose a ready guide in some _____ voice celestial
88%
Tom Sawyer He knows changes aren't permanentBut _____ is change
79%
Subdivisions Sprawling on the fringes of the cityIn _____ order geometric
75%
2112 (The Temples of Syrinx) Our great computersFill the _____ halls hallowed
67%
Closer to the Heart The blacksmith and the artist_____ it in their art reflect
63%
Vital Signs An ounce of perceptionA pound of _____ obscure
50%
Distant Early Warning Left and rights of _____Black and whites of youth passage
46%
Far Cry You can almost see the circle growing You can almost feel the _____ glowing planet
46%
Xanadu I had heard the _____ talesOf immortality whispered
46%
Red Barchetta A _____ alloy air carShoots towards me, two lanes wide gleaming
42%
A Farewell to Kings _____ demons Dressed in kingly guise scheming
38%
Natural Science The most endangered species, the _____ manWill still survive annihilation honest
33%
Roll the Bones Stop throwing stonesThe night has a thousand _____ saxophones
29%
Force Ten Be _____ and smart, humble and dumbWe can hit-and-miss like pride vain
29%
Caravan The caravan _____ onwardTo the distant dream of the city thunders
25%
Beneath, Between And Behind Once with heads held high they sang out to the skyWhy do their _____ bow in fear? shadows
21%
Marathon Your _____ may overloadYou can rest at the side of the road meters
17%
One Little Victory A certain measure of toleranceA _____ to rise above willingness
13%
I Think I'm Going Bald Seems like only yesterdayWe would sit and talk of _____ all night dreams
8%
Presto I had a dream of a _____ garden A midnight rendezvous winter
8%
No matching quizzes found
Score Distribution
Percent of People with Each Score
Percentile by Number Answered
Your Score History
You have not taken this quiz